000 01458njm a22002897a 4500
005 20100913145118.0
006 a|||||r|||||00| 0
007 sd ammalaaahaa
008 100910t xxu||||| |||| 00| 0 eng d
028 _a3AXE.5001
_bOdeon
035 _aGR-02240
040 _aSED
_cSED
100 _aMehboob
_919365
245 _aMother India /
_cSung by Lata Mangeshkar; music dtn by Naushad; lyric by Shakeel Badayuni
_h[sound recording] :
246 _aमदर इंडिया / महबूब प्रोडक्शन द्वारा
260 _aDum Dum, India
_bOdeon
300 _a1 sound disc [Gramophone Recording] :
_banalog, 33 1/3 rpm
_c12.5 in. (LP)
_fGramaphone Records
500 _aBrief record
500 _aRecord Lebels : Odeon, Black
505 _aSide-1 नगरी नगरी दुआरे दुआरे ढूँढू रे सांवरिया (Nagri nagri duare duare dhundun re sanwariya) (Lata Mangeshkar) Side-2 ओ मेरे लाल आजा तुझको गले लगालूँ दिल में छुपालूं (O mere lal aaja tujhko gale lagaloon dil me chhupaloon) (Lata Mangeshkar)
600 _aMangeshkar, Lata
_919611
650 _2Excerpts.
_aMotion Picture Music
_bIndia
_919366
700 _aNaushad
_919790
700 _aBadayuni, Shakeel
_919791
942 _2ddc
_cGR
999 _c45461
_d45461